Riadenie zlepšovateľského a racionalizačného hnutia v organizačnej štruktúre banky záverečná práca postgraduálneho štúdia

Salvato in:
Dettagli Bibliografici
Autore principale: Mathes, Ján
Ente Autore: Vysoká škola ekonomická v Bratislave
Altri autori: Danko, Andrej
Natura: Libro
Lingua:slovacco
Pubblicazione: Bratislava 1987
Tags: Aggiungi Tag
Nessun Tag, puoi essere il primo ad aggiungerne!!

MARC

LEADER 00000nam a2200000 4500
001 c040372
005 20221219095116.5
041 0 |a slo 
044 |a SK 
245 1 0 |a Riadenie zlepšovateľského a racionalizačného hnutia v organizačnej štruktúre banky  |b záverečná práca postgraduálneho štúdia  |c Ján Mathes ; Ved. práce Andrej Danko 
264 1 |a Bratislava  |c 1987 
300 |a 51 s. 
100 1 |a Mathes, Ján 
700 1 |a Danko, Andrej 
710 2 |a Vysoká škola ekonomická v Bratislave